| 000 | 00532nam a22001817a 4500 | ||
|---|---|---|---|
| 003 | OSt | ||
| 005 | 20240723082842.0 | ||
| 008 | 240723b |||||||| |||| 00| 0 eng d | ||
| 020 | _a978081102108 | ||
| 040 | _cn | ||
| 082 | _a297.63 M236 2008 | ||
| 100 | _aMalabari, Ibrahim H | ||
| 245 |
_aProphet Muhammad's legacy to all creation / _cIbrahim H. Malabari |
||
| 260 | _bCompass Books, Mississauga, Ont., 2008 | ||
| 300 | _a234 pages, 21 cm. | ||
| 650 | _zMercy in the Qurʼan l Muḥammad, Prophet, -632 | ||
| 942 |
_2ddc _cBK-EN _n0 |
||
| 999 |
_c7081 _d7081 |
||